Statistiques concernant Les villes les plus peuplées du Bas-Rhin

Cliquez ici pour prendre le quiz!

Statistiques générales

  • Ce quiz a été pris 293 fois
  • Le résultat moyen est 11 sur 20

Statistiques - réponses

PopulationVille% Correct
263 941Strasbourg
100%
32 206Haguenau
89%
11 197Saverne
80%
17 172Séléstat
80%
30 824Schiltigheim
76%
9 331Molsheim
67%
10 472Obernai
64%
23 814Illkirch-Graffenstaden
62%
8 173Wissembourg
57%
16 873Lingolsheim
49%
8 927Brumath
47%
9 665Erstein
40%
10 749Hoenheim
40%
11 696Bischwiller
38%
16 750Bischheim
37%
10 762Ostwald
35%
5 897Barr
31%
7 141Geispolsheim
25%
6 017Souffelweyersheim
24%
5 940Eckbolsheim
22%

Distribution des résultats

Percentile par nombre de réponses

% des personnes avec chaque résultat

Votre développement - résultats

Vous n’avez pas pris ce quiz